000 00659nam a2200241Ia 4500
003 OSt
005 20220928125624.0
006 a|||||r|||| 00| 0
007 ta
008 220927b |||||||| |||| 00| 0 eng d
024 _a82829
037 _cTextual
040 _aSDCL
_cSDCL
_beng
041 _2eng
_aeng
082 _aX625.2'P, P7
100 _aJain Vibha
_9374099
245 0 _aNon-performing assets in commercial banks
260 _aNew Delhi
_bRegal Publications
_c2007
300 _axviii,336p
_ccm.
650 _aCommercial Banks India
_9439444
942 _hX625.2'P, P7
_cTEXL
_2CC
999 _c783288
_d783288